| 000 | 01138nam a22002657a 4500 | ||
|---|---|---|---|
| 003 | OSt | ||
| 005 | 20251020194005.0 | ||
| 008 | 240202b ||||| |||| 00| 0 eng d | ||
| 040 | _c0 | ||
| 082 | _aDPer 621.317 Ie21 January 2022 v. 37 n. 1 | ||
| 100 |
_aHou, Xiaochao. _eauthor. _951326 |
||
| 245 |
_aA hybrid voltage/current control scheme with low-communication burden for grid-connected series-type inverters in decentralized manner / _cXiaochao Hou, Kai Sun, Xin Zhang, Yao Sun, and Jinghang Lu. |
||
| 260 |
_aNew York ; _bThe Institute of Electrical and Electronics Engineers, Inc. , _cJanuary 2022. |
||
| 300 |
_aVolume 37, pages 920-931 : _billustration ; _c28 cm. |
||
| 500 | _aIEEE Transactions on Power Electronics, v. 37 n 1, pages 920-931, January 2022. | ||
| 650 | 0 |
_aDecentralized control. _965902 |
|
| 650 | 0 |
_aHybrid power systems. _965903 |
|
| 650 | 0 |
_aVoltage control. _965727 |
|
| 700 |
_aHou, Xiaochao. _eauthor. _951326 |
||
| 700 |
_aSun, Kai. _eauthor. _951327 |
||
| 700 |
_aZhang, Xin. _eauthor. _939981 |
||
| 700 |
_aSun, Yao. _eauthor. _951328 |
||
| 700 |
_aLu, Jinghang. _eauthor. _951329 |
||
| 942 |
_2ddc _cPER |
||
| 999 |
_c18903 _d18903 |
||